[Event "World Amateur-ch U1700"]
[Site "Cagliari"]
[Date "2018.04.25"]
[Round "5"]
[White "Sahin, Onur"]
[Black "Keskin, Cengiz"]
[Result "1/2-1/2"]
[WhiteElo "1599"]
[BlackElo "1508"]
[PlyCount "21"]
[EventDate "2018.04.22"]
[EventType "swiss"]
[EventRounds "9"]
[EventCountry "ITA"]
[SourceTitle "CBM 184 Extra"]
[Source "ChessBase"]
[SourceDate "2018.06.28"]
[SourceVersion "1"]
[SourceVersionDate "2018.06.28"]
[SourceQuality "1"]

1. d4 Nf6 2. Nf3 g6 3. Bf4 Bg7 4. e3 0-0 5. Be2 d6 6. 0-0 Nbd7 7. h3 c5 8. c3 a6 9. a4 Nb6 10. Nbd2 Nh5 11. Bh2 1/2-1/2

[Event "TUR Cup										"]
[Site "Antalya"]
[Date "2018.01.30"]
[Round "6"]
[White "Goktas, Fahreddin"]
[Black "Keskin, Cengiz"]
[Result "1-0"]
[WhiteElo "1703"]
[BlackElo "1489"]
[PlyCount "129"]
[EventDate "2018.01.27"]
[EventType "swiss"]
[EventRounds "11"]
[EventCountry "TUR"]
[SourceTitle "CBM 182 Extra"]
[Source "ChessBase"]
[SourceDate "2018.02.23"]
[SourceVersion "1"]
[SourceVersionDate "2018.02.23"]
[SourceQuality "1"]

1. e4 c5 2. Bc4 e6 3. Nc3 a6 4. a4 Nc6 5. Nge2 Nf6 6. Nf4 Be7 7. 0-0 h5 8. d3 g5 9. Nfe2 Ng4 10. f3 Nge5 11. Bb3 h4 12. Be3 Qc7 13. d4 cxd4 14. Nxd4 Nxd4 15. Bxd4 Bc5 16. Kh1 d6 17. Qd2 Bxd4 18. Qxd4 Bd7 19. Rad1 Ke7 20. Qd2 Rag8 21. Qd4 Bc6 22. Rd2 g4 23. f4 Ng6 24. Kg1 Rh5 25. Na2 b5 26. Nb4 Bb7 27. axb5 axb5 28. f5 Ne5 29. Nd3 Nf3+ 30. gxf3 gxf3+ 31. Kf2 Rg2+ 32. Ke1 exf5 33. Rxf3 Qa5 34. Nf2 Rg1+ 35. Ke2 Qc7 36. Bd5 Ba6 37. b4 Bc8 38. exf5 Bxf5 39. Re3+ Be6 40. Bxe6 fxe6 41. Qe4 Qc8 42. Nh3 Rg7 43. Nf4 Rh6 44. Nd5+ Kf7 45. Nc3 d5 46. Nxd5 exd5 47. Qxd5+ Kf8 48. Qd8+ Qxd8 49. Rxd8+ Kf7 50. Rd7+ Kg8 51. Rxg7+ Kxg7 52. Re5 Rg6 53. Rxb5 Rg2+ 54. Kd3 Kg6 55. Rb8 Rxh2 56. c4 Rh1 57. c5 h3 58. Rh8 h2 59. b5 Rd1+ 60. Kc4 h1Q 61. Rxh1 Rxh1 62. b6 Kf6 63. b7 Rb1 64. c6 Ke7 65. c7 1-0

[Event "Manavgat Turkey Cup"]
[Site "Manavgat"]
[Date "2016.02.02"]
[Round "5"]
[White "Keskin, Cengiz"]
[Black "Hepsayar, Mert"]
[Result "1-0"]
[WhiteElo "1491"]
[BlackElo "1743"]
[PlyCount "75"]
[EventDate "2016.01.30"]
[EventType "swiss"]
[EventRounds "11"]
[EventCountry "TUR"]
[SourceTitle "CBM 170 Extra"]
[Source "ChessBase"]
[SourceDate "2016.02.25"]
[SourceVersion "1"]
[SourceVersionDate "2016.02.25"]
[SourceQuality "1"]

1. e4 e5 2. Nf3 Nf6 3. Bc4 Nxe4 4. Nc3 Nd6 5. Bb3 Nc6 6. 0-0 g6 7. d3 Bg7 8. Bg5 f6 9. Bh4 Nf7 10. d4 exd4 11. Re1+ Kf8 12. Nxd4 Nxd4 13. Qxd4 c6 14. Rad1 g5 15. Qb4+ d6 16. Bg3 a5 17. Qe4 Ne5 18. Bxe5 fxe5 19. Qf3+ Qf6 20. Qxf6+ Bxf6 21. Ne4 Be7 22. Nxd6 a4 23. Bc4 b5 24. Bf1 Bf6 25. Ne4 Be7 26. g3 Bg4 27. Rc1 Bf3 28. Nd2 Bd5 29. Rxe5 Bf6 30. Rf5 Kg7 31. c4 Be6 32. Rxf6 Kxf6 33. cxb5 cxb5 34. Bxb5 Rhc8 35. Ne4+ Kg6 36. Re1 Rc2 37. Bd3 Rxb2 38. Nc5+ 1-0

[Event "Kemer Turkey Cup"]
[Site "Kemer"]
[Date "2014.02.04"]
[Round "5"]
[White "Keskin, Cengiz"]
[Black "Aydincelebi, Kagan"]
[Result "0-1"]
[WhiteElo "1582"]
[BlackElo "1750"]
[PlyCount "78"]
[EventDate "2014.02.01"]
[EventType "swiss"]
[EventRounds "9"]
[EventCountry "TUR"]
[SourceTitle "CBM 158 Extra"]
[Source "ChessBase"]
[SourceDate "2014.02.28"]
[SourceVersion "1"]
[SourceVersionDate "2014.02.28"]
[SourceQuality "1"]

1. Nf3 c5 2. e4 g6 3. Bc4 Bg7 4. 0-0 e6 5. c3 Ne7 6. Re1 0-0 7. d3 Nbc6 8. a3 a6 9. Bf4 d5 10. exd5 exd5 11. Ba2 Bf5 12. h3 b5 13. g4 Be6 14. Nbd2 b4 15. Ne5 Nxe5 16. Bxe5 Bxe5 17. Rxe5 Nc6 18. Re1 bxc3 19. bxc3 h5 20. Qa4 Rc8 21. Qf4 hxg4 22. hxg4 Kg7 23. Nf3 Qf6 24. Qxf6+ Kxf6 25. Nh2 Kg5 26. Kg2 Kf4 27. f3 Rh8 28. Nf1 Ne5 29. Re3 Rb8 30. Rxe5 Rb2+ 31. Kg1 Kxe5 32. Re1+ Kf4 33. Bb1 Kxf3 34. Re3+ Kxg4 35. Re1 d4 36. cxd4 cxd4 37. Re4+ Kf3 38. Rf4+ Kxf4 39. Nh2 Rbxh2 0-1

[Event "TUR-ch"]
[Site "Kemer"]
[Date "2012.01.30"]
[Round "3"]
[White "Keskin, Cengiz"]
[Black "Aysoy, Veysi"]
[Result "0-1"]
[WhiteElo "1641"]
[BlackElo "1924"]
[PlyCount "98"]
[EventDate "2012.01.29"]
[EventType "swiss"]
[EventRounds "10"]
[EventCountry "TUR"]
[SourceTitle "CBM 146 Extra"]
[Source "ChessBase"]
[SourceDate "2012.02.29"]
[SourceVersion "1"]
[SourceVersionDate "2012.02.29"]
[SourceQuality "1"]

1. Nf3 Nf6 2. d4 g6 3. Bf4 d6 4. e3 Bg7 5. Bd3 0-0 6. Nbd2 b6 7. c3 Bb7 8. 0-0 Nh5 9. Qc2 Nd7 10. Rad1 c5 11. Rfe1 Rc8 12. Bg5 Qe8 13. Qa4 a6 14. Bb1 a5 15. a3 Bc6 16. Qc2 b5 17. e4 b4 18. e5 dxe5 19. dxe5 f6 20. g4 fxg5 21. gxh5 Bxf3 22. Nxf3 Rxf3 23. hxg6 Nf8 24. Qe2 Rf4 25. gxh7+ Kh8 26. Rd3 bxa3 27. bxa3 Ne6 28. Rg3 Rh4 29. Bf5 Nf4 30. Qa6 e6 31. Bg4 Qc6 32. Qxc6 Rxc6 33. h3 Kxh7 34. Kf1 Rb6 35. Rf3 Kg6 36. Kg1 Rh8 37. Kh2 c4 38. Rg1 Bxe5 39. Kh1 Nd3 40. Kg2 Bxc3 41. Re3 Rf8 42. h4 Rxf2+ 43. Kg3 gxh4+ 44. Kxh4 Kf6 45. Bh5 Rh2+ 46. Kg4 Ne5+ 47. Kg3 Rxh5 48. Rxc3 Rg5+ 49. Kh2 Rb2+ 0-1

[Event "TUR-ch op"]
[Site "Antalya"]
[Date "2008.02.08"]
[Round "9.67"]
[White "Evin, Abdulkerim"]
[Black "Keskin, Cengiz"]
[Result "1-0"]
[WhiteElo "1491"]
[BlackElo "1661"]
[PlyCount "69"]
[EventDate "2008.02.04"]
[EventType "swiss"]
[EventRounds "11"]
[EventCountry "TUR"]
[SourceTitle "CBM 122 Extra"]
[Source "ChessBase"]
[SourceDate "2008.03.04"]
[SourceVersion "1"]
[SourceVersionDate "2008.03.04"]
[SourceQuality "1"]

1. e4 c5 2. Nf3 Nc6 3. d4 cxd4 4. Nxd4 Nf6 5. Nc3 a6 6. Be2 d6 7. Be3 g6 8. 0-0 Bg7 9. Qd2 h6 10. Rfd1 Ne5 11. f4 Neg4 12. h3 Nxe3 13. Qxe3 Qb6 14. Nf5 Qxe3+ 15. Nxe3 0-0 16. Bf3 Ra7 17. Rab1 Be6 18. f5 Bd7 19. g4 b5 20. Ncd5 Bc6 21. Nxf6+ Bxf6 22. c3 Kg7 23. Nd5 Be5 24. Kg2 Rb8 25. Rd3 Be8 26. Be2 Rc8 27. Rdd1 e6 28. Nb4 gxf5 29. gxf5 exf5 30. exf5 a5 31. Nd3 Kf6 32. Nxe5 dxe5 33. Rd6+ Kg5 34. Rf1 Bc6+ 35. Kg3 1-0

[Event "TUR-ch op"]
[Site "Antalya"]
[Date "2008.02.07"]
[Round "7.72"]
[White "Turgutalp, Suha"]
[Black "Keskin, Cengiz"]
[Result "0-1"]
[WhiteElo "1480"]
[BlackElo "1661"]
[PlyCount "120"]
[EventDate "2008.02.04"]
[EventType "swiss"]
[EventRounds "11"]
[EventCountry "TUR"]
[SourceTitle "CBM 122 Extra"]
[Source "ChessBase"]
[SourceDate "2008.03.04"]
[SourceVersion "1"]
[SourceVersionDate "2008.03.04"]
[SourceQuality "1"]

1. d4 Nf6 2. c4 d5 3. Nc3 e6 4. Nf3 Be7 5. Bg5 Nbd7 6. e3 c5 7. dxc5 Nxc5 8. cxd5 Nxd5 9. Bxe7 Qxe7 10. Nxd5 exd5 11. Qxd5 Be6 12. Bb5+ Kf8 13. Qd2 Rd8 14. Qc2 a6 15. Be2 g6 16. Qc3 Kg8 17. 0-0 Ne4 18. Qc2 Nf6 19. Nd4 Bd5 20. Rfc1 Kg7 21. b3 Rhf8 22. Bc4 Be4 23. Qe2 h5 24. f3 Bd5 25. e4 Bxe4 26. Nc2 Qc5+ 27. Ne3 Bc6 28. Bd3 Qb6 29. Qf2 Kg8 30. Be2 Rfe8 31. Nc4 Qxf2+ 32. Kxf2 b5 33. Ne3 Re6 34. Rc3 Rde8 35. Rac1 Bb7 36. R1c2 Kg7 37. g4 h4 38. g5 Nh5 39. Ng4 Nf4 40. Re3 Nh3+ 41. Kg2 Rxe3 42. Nxe3 Nxg5 43. Nd1 Rxe2+ 44. Rxe2 Bxf3+ 45. Kf2 Bxe2 46. Kxe2 Ne4 47. Ke3 f5 48. Nf2 Nc3 49. a3 g5 50. Nd3 Kf6 51. Nc5 f4+ 52. Kf3 Kf5 53. h3 a5 54. Nd3 Ne4 55. b4 a4 56. Nc5 Nd2+ 57. Ke2 Nc4 58. Kf3 Nxa3 59. Nd3 Nc2 60. Nc1 Nxb4 0-1